[Event "Titled Tuesday intern op 16th Apr Early"]
[Site "Chess.com INT"]
[Date "2024.04.16"]
[Round "9"]
[White "Akylbekov, Nasyr"]
[Black "Skotheim, Andreas"]
[Result "1-0"]
[WhiteElo "2239"]
[BlackElo "2214"]
[PlyCount "111"]
[EventDate "2024.04.16"]
[EventType "swiss (blitz)"]
[EventRounds "11"]
[EventCountry "USA"]
[SourceTitle "CBM 219 Extra"]
[Source "ChessBase"]
[SourceDate "2024.05.31"]
[SourceVersion "1"]
[SourceVersionDate "2024.05.31"]
[SourceQuality "1"]

1. e4 c5 2. Nf3 Nf6 3. Nc3 d5 4. exd5 Nxd5 5. Bb5+ Bd7 6. Bxd7+ Qxd7 7. 0-0 Nxc3 8. bxc3 g6 9. d4 Bg7 10. Rb1 Nc6 11. Be3 0-0 12. dxc5 Qc7 13. Qd3 Rfd8 14. Qb5 Rd7 15. Nd4 Rc8 16. Qa4 a6 17. Nxc6 Qxc6 18. Qxc6 Rxc6 19. Rfd1 Rcc7 20. Rxd7 Rxd7 21. c6 bxc6 22. Rb8+ Bf8 23. g4 Kg7 24. Rb6 a5 25. Rxc6 Rd1+ 26. Kg2 Ra1 27. g5 h6 28. h4 Rxa2 29. Rc8 hxg5 30. hxg5 Rxc2 31. Ra8 Ra2 32. Bd4+ f6 33. gxf6+ exf6 34. Ra7+ Kh6 35. Bxf6 Bc5 36. Bg7+ Kh7 37. Rc7 Bxf2 38. Bd4+ Kh6 39. Bxf2 a4 40. Kf3 Kg5 41. Be3+ Kf5 42. Rc5+ Ke6 43. Ra5 a3 44. Bd4 Ra1 45. Ke4 a2 46. Ra6+ Kd7 47. Kd5 g5 48. Ra7+ Ke8 49. c4 Rd1 50. Rxa2 g4 51. Rg2 Rg1 52. Rxg1 Kd7 53. Rxg4 Kc8 54. Rg7 Kb8 55. Kc6 Ka8 56. Rg8# 1-0

[Event "Titled Tuesday intern op 14th Nov Early"]
[Site "Chess.com INT"]
[Date "2023.11.14"]
[Round "4"]
[White "Verbin, Valentina"]
[Black "Akylbekov, Nasyr"]
[Result "1-0"]
[WhiteElo "2069"]
[BlackElo "2239"]
[PlyCount "97"]
[EventDate "2023.11.14"]
[EventType "swiss (blitz)"]
[EventRounds "11"]
[EventCountry "USA"]
[SourceTitle "CBM 217 Extra"]
[Source "ChessBase"]
[SourceDate "2024.01.31"]
[SourceVersion "1"]
[SourceVersionDate "2024.01.31"]
[SourceQuality "1"]

1. e4 e5 2. Nf3 f6 3. d4 d6 4. Bc4 Qe7 5. 0-0 Be6 6. Qe2 Nd7 7. Nc3 c6 8. Bxe6 Qxe6 9. d5 Qf7 10. dxc6 bxc6 11. Qa6 Nb6 12. Be3 Qc7 13. a4 Ne7 14. a5 Nd7 15. Rfd1 Nc8 16. Qc4 Be7 17. Nd5 Qb7 18. Nxe7 Kxe7 19. Nh4 g6 20. b4 Qb5 21. Qc3 Rb8 22. Rab1 a6 23. Nf3 g5 24. Nd2 Nf8 25. Nc4 Ne6 26. Nb6 Rd8 27. Qb3 Nxb6 28. Bxb6 c5 29. Bxd8+ Rxd8 30. bxc5 Qxc5 31. Qb7+ Rd7 32. Qxa6 Nd4 33. Qb6 Qxc2 34. a6 Ne2+ 35. Kh1 Nc3 36. Rbc1 Qa4 37. Ra1 Qxe4 38. Re1 Qa8 39. a7 Nd5 40. Qb8 Nc7 41. Qxa8 Nxa8 42. Reb1 Rxa7 43. Rxa7+ Ke6 44. Rxa8 f5 45. Rh8 f4 46. Rxh7 g4 47. Rh4 f3 48. Rxg4 fxg2+ 49. Kxg2 1-0

[Event "Titled Tuesday intern op 29th Aug Early"]
[Site "Chess.com INT"]
[Date "2023.08.29"]
[Round "8"]
[White "Akylbekov, Nasyr"]
[Black "Aaditya, Dhingra"]
[Result "0-1"]
[WhiteElo "2239"]
[BlackElo "2457"]
[PlyCount "134"]
[EventDate "2023.08.29"]
[EventType "swiss (blitz)"]
[EventRounds "11"]
[EventCountry "USA"]
[SourceTitle "EXT 2024"]
[Source "ChessBase"]
[SourceDate "2023.10.10"]
[SourceVersion "1"]
[SourceVersionDate "2023.10.10"]
[SourceQuality "1"]

1. e4 c5 2. Nf3 e6 3. Nc3 Nc6 4. d4 cxd4 5. Nxd4 Qc7 6. Nxc6 bxc6 7. Bd3 d5 8. Qe2 Nf6 9. 0-0 Be7 10. b3 a5 11. Bb2 0-0 12. h3 Rd8 13. Rad1 d4 14. Nb1 e5 15. a4 Nd7 16. Nd2 Nc5 17. Bc4 Ne6 18. g3 Nc5 19. Kh2 Qd7 20. g4 Ne6 21. Bxe6 Qxe6 22. Qf3 Ba6 23. Rfe1 Rab8 24. Nf1 d3 25. cxd3 Rxb3 26. Ba1 Rbxd3 27. Rxd3 Rxd3 28. Qf5 Qxf5 29. exf5 f6 30. Rc1 c5 31. Ne3 Ra3 32. Nd5 Bf8 33. Nc7 Bd3 34. Ne6 c4 35. g5 Bxf5 36. Nxf8 Kxf8 37. gxf6 gxf6 38. f4 Rxh3+ 39. Kg2 Ra3 40. fxe5 fxe5 41. Bxe5 Rxa4 42. Kf3 Kf7 43. Bc3 Ra2 44. Kf4 Rf2+ 45. Ke3 Ra2 46. Kf4 Bd3 47. Kg5 a4 48. Re1 a3 49. Bb4 Be2 50. Bxa3 Rxa3 51. Rxe2 Rf3 52. Re4 c3 53. Rc4 Ke6 54. Kg4 Rd3 55. Rc8 Kd5 56. Kf4 Rh3 57. Kg4 Rd3 58. Kf4 Kd4 59. Rc7 Rh3 60. Kg4 Rh1 61. Rd7+ Ke3 62. Re7+ Kd2 63. Rd7+ Kc1 64. Kg3 c2 65. Kg2 Rd1 66. Rc7 Rd3 67. Rxh7 Kd2 0-1

[Event "Titled Tuesday intern op 29th Aug Early"]
[Site "Chess.com INT"]
[Date "2023.08.29"]
[Round "3"]
[White "Akylbekov, Nasyr"]
[Black "Frolyanov, Dmitry"]
[Result "0-1"]
[WhiteElo "2239"]
[BlackElo "2485"]
[PlyCount "114"]
[EventDate "2023.08.29"]
[EventType "swiss (blitz)"]
[EventRounds "11"]
[EventCountry "USA"]
[SourceTitle "EXT 2024"]
[Source "ChessBase"]
[SourceDate "2023.10.10"]
[SourceVersion "1"]
[SourceVersionDate "2023.10.10"]
[SourceQuality "1"]

1. e4 e5 2. Nf3 Nf6 3. Nc3 Nc6 4. d4 exd4 5. Nxd4 Bb4 6. Nxc6 bxc6 7. Bd3 d5 8. exd5 0-0 9. 0-0 cxd5 10. Bg5 c6 11. Qf3 Bd6 12. h3 Be5 13. Rae1 Re8 14. Re2 h6 15. Bf4 Bxf4 16. Qxf4 Be6 17. Rfe1 c5 18. Bf5 d4 19. Nb5 Bxf5 20. Rxe8+ Nxe8 21. Qxf5 a6 22. Na3 Qa5 23. Re7 Nf6 24. Re5 Rb8 25. Nc4 Qxa2 26. Rxc5 Qb1+ 27. Kh2 Qe1 28. Rc8+ Rxc8 29. Qxc8+ Kh7 30. Qf5+ Kg8 31. Qf4 Qd1 32. Ne5 Qxc2 33. Qxd4 Qc7 34. f4 a5 35. Qa4 Kh7 36. Qa2 Kg8 37. Qb3 g5 38. Qg3 Nh5 39. Qg4 Nxf4 40. Nf3 Ne2+ 41. Kh1 Qc1+ 42. Kh2 Qc7+ 43. Kh1 Qc1+ 44. Kh2 Nf4 45. Qd7 Qxb2 46. Qd8+ Kg7 47. Qd4+ Qxd4 48. Nxd4 a4 49. Nf5+ Kf6 50. Nd6 a3 51. Ne4+ Ke5 52. Nc3 Nd5 53. Na2 Kd4 54. Kg3 Kc4 55. Kg4 Nb4 56. Nc1 Nd3 57. Na2 Kb3 0-1

[Event "Titled Tuesday intern op 29th Aug Early"]
[Site "Chess.com INT"]
[Date "2023.08.29"]
[Round "1"]
[White "Itgelt, Khuyagtsogt"]
[Black "Akylbekov, Nasyr"]
[Result "0-1"]
[WhiteElo "2397"]
[BlackElo "2239"]
[PlyCount "100"]
[EventDate "2023.08.29"]
[EventType "swiss (blitz)"]
[EventRounds "11"]
[EventCountry "USA"]
[SourceTitle "EXT 2024"]
[Source "ChessBase"]
[SourceDate "2023.10.10"]
[SourceVersion "1"]
[SourceVersionDate "2023.10.10"]
[SourceQuality "1"]

1. d4 Nf6 2. c4 e6 3. Nc3 Bb4 4. Nf3 0-0 5. g3 b6 6. Bg2 Bb7 7. 0-0 Bxc3 8. bxc3 d6 9. Qc2 Be4 10. Qb3 Nbd7 11. a4 Qe7 12. a5 h6 13. Ba3 c5 14. Qa4 Rfc8 15. Rfd1 Bc6 16. Qc2 Be4 17. Qa4 Bc6 18. Qb3 Rab8 19. axb6 Rxb6 20. Qa2 Rcb8 21. Rab1 Be4 22. Rxb6 Rxb6 23. Nd2 Bxg2 24. Kxg2 Qd8 25. Rb1 Qc7 26. f3 d5 27. dxc5 Nxc5 28. Bxc5 Qxc5 29. Qxa7 Rc6 30. Rb8+ Kh7 31. Qxc5 Rxc5 32. Rb5 Rc7 33. Rb4 dxc4 34. e4 Rd7 35. Nxc4 Rd3 36. Rb3 Nd7 37. Kf2 Nc5 38. Ra3 Rd1 39. Ke2 Rh1 40. h4 f6 41. Ra5 Nb3 42. Rb5 Rh2+ 43. Kd1 Rh1+ 44. Kc2 Nc1 45. Kd2 Na2 46. Rb2 Rh2+ 47. Kd3 Nc1+ 48. Kd4 e5+ 49. Kc5 Nd3+ 50. Kd5 Nxb2 0-1

[Event "Titled Tuesday intern op 15th Aug Early"]
[Site "Chess.com INT"]
[Date "2023.08.15"]
[Round "4"]
[White "Javakhadze, Zurab"]
[Black "Akylbekov, Nasyr"]
[Result "1/2-1/2"]
[WhiteElo "2461"]
[BlackElo "2239"]
[PlyCount "169"]
[EventDate "2023.08.15"]
[EventType "swiss (blitz)"]
[EventRounds "11"]
[EventCountry "USA"]
[SourceTitle "EXT 2024"]
[Source "ChessBase"]
[SourceDate "2023.10.10"]
[SourceVersion "1"]
[SourceVersionDate "2023.10.10"]
[SourceQuality "1"]

1. Nf3 Nf6 2. c4 e6 3. g3 b6 4. Bg2 Bb7 5. 0-0 c5 6. b3 Be7 7. Bb2 0-0 8. e3 d6 9. d4 Nbd7 10. d5 exd5 11. Nh4 Re8 12. Nc3 Rb8 13. Nxd5 Nxd5 14. Bxd5 Bxd5 15. Qxd5 Bxh4 16. gxh4 Qxh4 17. Qxd6 Rbd8 18. Qg3 Qxg3+ 19. hxg3 Nb8 20. Rad1 Nc6 21. Bc3 a5 22. Kg2 f6 23. Kf3 Kf7 24. a3 h5 25. Rd5 Ne7 26. Rxh5 Rd3 27. Rc1 Nc6 28. Ke2 Red8 29. Rc2 Ke6 30. g4 Ne5 31. g5 a4 32. bxa4 Nxc4 33. gxf6 gxf6 34. Rh6 Ne5 35. Bxe5 Kxe5 36. Rb2 R8d6 37. Rh5+ Ke6 38. a5 bxa5 39. Rxc5 Rxa3 40. f4 Ra6 41. f5+ Kd6 42. Rcb5 a4 43. e4 Ra8 44. Rd5+ Kc6 45. Rc2+ Kb6 46. Rd6+ Kb5 47. Rxf6 Rh3 48. Rb2+ Kc4 49. Rbb6 Kd4 50. Rb4+ Ke5 51. Re6+ Kf4 52. f6 a3 53. f7 a2 54. Ra6 Rf8 55. Rba4 Rh2+ 56. Kd3 Rxf7 57. Rxa2 Rd7+ 58. Kc4 Rxa2 59. Rxa2 Kxe4 60. Re2+ Kf3 61. Re6 Kf4 62. Kc5 Kf5 63. Rc6 Re7 64. Ra6 Re5+ 65. Kd4 Re4+ 66. Kd3 Re5 67. Ra4 Ke6 68. Rb4 Kf5 69. Rc4 Kf6 70. Kd4 Kf5 71. Rc8 Re6 72. Kd5 Re5+ 73. Kd4 Re4+ 74. Kd3 Re5 75. Rf8+ Ke6 76. Rf2 Rd5+ 77. Ke4 Re5+ 78. Kd4 Rd5+ 79. Kc4 Re5 80. Rh2 Kf5 81. Rh5+ Kf6 82. Rh4 Kf5 83. Rd4 Re4 84. Kd3 Rxd4+ 85. Kxd4 1/2-1/2

[Event "Titled Tuesday intern op 27th Dec Early"]
[Site "Chess.com INT"]
[Date "2022.12.27"]
[Round "1"]
[White "Akylbekov, Nasyr"]
[Black "Kleiman, Jake"]
[Result "1-0"]
[WhiteElo "2239"]
[BlackElo "2399"]
[PlyCount "111"]
[EventDate "2022.12.27"]
[EventType "swiss (blitz)"]
[EventRounds "11"]
[EventCountry "USA"]
[SourceTitle "EXT 2024"]
[Source "ChessBase"]
[SourceDate "2023.10.10"]
[SourceVersion "1"]
[SourceVersionDate "2023.10.10"]
[SourceQuality "1"]

1. e4 e5 2. Nf3 Nc6 3. Nc3 Nf6 4. d4 exd4 5. Nxd4 Bb4 6. Nxc6 bxc6 7. Bd3 0-0 8. 0-0 d5 9. exd5 cxd5 10. Bg5 c6 11. Qf3 Be7 12. Rae1 h6 13. Bxh6 gxh6 14. Qe3 Ng4 15. Qxe7 Qxe7 16. Rxe7 Be6 17. Re1 a5 18. Na4 Rfb8 19. b3 Kf8 20. Rc7 Rc8 21. Rxc8+ Rxc8 22. Nc5 Re8 23. f3 Nf6 24. Kf2 Ke7 25. a4 h5 26. g3 Kd6 27. Nb7+ Kc7 28. Nxa5 Ra8 29. b4 c5 30. Bb5 cxb4 31. Nc6 Bd7 32. Nxb4 Bxb5 33. axb5 Kd6 34. Rb1 Rb8 35. Nd3 Nd7 36. g4 hxg4 37. fxg4 Rc8 38. Rb2 Nb6 39. h4 Nc4 40. Rb4 Nb6 41. Rb2 Nc4 42. Ra2 Rb8 43. Ra6+ Ke7 44. Ra7+ Kf6 45. g5+ Kg7 46. h5 Rxb5 47. g6 Nd6 48. Ne5 Rc5 49. Nxf7 Ne4+ 50. Ke3 Rxc2 51. Ne5+ Kf6 52. Nd3 Rh2 53. Rf7+ Ke6 54. Nf4+ Kd6 55. g7 Rh4 56. g8Q 1-0

[Event "Titled Tuesday intern op 27th Dec Early"]
[Site "Chess.com INT"]
[Date "2022.12.27"]
[Round "2"]
[White "Skvortsov, Andrei"]
[Black "Akylbekov, Nasyr"]
[Result "0-1"]
[WhiteElo "2249"]
[BlackElo "2239"]
[PlyCount "58"]
[EventDate "2022.12.27"]
[EventType "swiss (blitz)"]
[EventRounds "11"]
[EventCountry "USA"]
[SourceTitle "EXT 2024"]
[Source "ChessBase"]
[SourceDate "2023.10.10"]
[SourceVersion "1"]
[SourceVersionDate "2023.10.10"]
[SourceQuality "1"]

1. e3 e5 2. d4 exd4 3. exd4 d5 4. Nf3 Bd6 5. c4 c6 6. Nc3 Nf6 7. c5 Bc7 8. Qe2+ Be6 9. Ng5 Qd7 10. Nxe6 Qxe6 11. Bg5 Nbd7 12. 0-0-0 0-0 13. h3 b6 14. cxb6 axb6 15. Qxe6 fxe6 16. Bd3 Nh5 17. Be3 e5 18. g4 Nf4 19. Bf1 exd4 20. Bxd4 c5 21. Be3 d4 22. Nb5 dxe3 23. Nxc7 e2 24. Bxe2 Nxe2+ 25. Kd2 Rac8 26. Ne6 Rfe8 27. Ng5 Nd4 28. Rhe1 h6 29. Rxe8+ Rxe8 0-1

[Event "Titled Tuesday intern op 13th Dec Early"]
[Site "Chess.com INT"]
[Date "2022.12.13"]
[Round "8"]
[White "Akylbekov, Nasyr"]
[Black "Stanisz, Patryk"]
[Result "1-0"]
[WhiteElo "2239"]
[BlackElo "2164"]
[PlyCount "65"]
[EventDate "2022.12.13"]
[EventType "swiss (blitz)"]
[EventRounds "11"]
[EventCountry "USA"]
[SourceTitle "EXT 2024"]
[Source "ChessBase"]
[SourceDate "2023.10.10"]
[SourceVersion "1"]
[SourceVersionDate "2023.10.10"]
[SourceQuality "1"]

1. e4 c5 2. Nf3 Nc6 3. Nc3 Nf6 4. d4 cxd4 5. Nxd4 e5 6. Nxc6 bxc6 7. Bd3 Bb4 8. 0-0 h6 9. Ne2 0-0 10. Ng3 d5 11. Qe2 Re8 12. h3 a5 13. a3 Bc5 14. Be3 d4 15. Bd2 Bd6 16. b4 axb4 17. axb4 Be6 18. c3 c5 19. b5 c4 20. Bxc4 Bxc4 21. Qxc4 Rc8 22. Qd3 dxc3 23. Bxc3 Bc5 24. Qxd8 Rexd8 25. Bxe5 Nd7 26. Bf4 g5 27. Bc1 Ne5 28. Nf5 Kh7 29. Be3 Rd3 30. Bxc5 Rxc5 31. Rab1 Rc7 32. b6 Rb7 33. Rfc1 1-0

[Event "New York Fall IM-C"]
[Site "Long Island City"]
[Date "2022.11.11"]
[Round "5"]
[White "Antova, Gabriela"]
[Black "Akylbekov, Nasyr"]
[Result "1-0"]
[WhiteElo "2302"]
[BlackElo "2208"]
[PlyCount "133"]
[EventDate "2022.11.09"]
[EventType "tourn"]
[EventRounds "9"]
[EventCountry "USA"]
[SourceTitle "CBM 211 Extra"]
[Source "ChessBase"]
[SourceDate "2023.01.31"]
[SourceVersion "1"]
[SourceVersionDate "2023.01.31"]
[SourceQuality "1"]

1. d4 Nf6 2. c4 e6 3. Nf3 Bb4+ 4. Nbd2 d5 5. Qa4+ Nc6 6. e3 0-0 7. a3 Bxd2+ 8. Bxd2 Ne4 9. Qc2 Nxd2 10. Qxd2 Qd6 11. Rc1 Bd7 12. c5 Qe7 13. Bb5 Nd8 14. Be2 f6 15. 0-0 c6 16. Rfe1 e5 17. e4 Be6 18. exd5 Bxd5 19. dxe5 fxe5 20. Bc4 Bxc4 21. Rxc4 Nf7 22. Qe3 Rad8 23. Re4 Rfe8 24. b4 Rd5 25. h3 Qd7 26. Qb3 Kf8 27. Qc2 Qf5 28. Nh4 Qf6 29. Rg4 g6 30. Nf3 Re6 31. h4 Qf5 32. Rge4 h6 33. Qe2 Qf6 34. Nd2 g5 35. h5 Ke7 36. Nc4 Kd7 37. Qc2 Rd4 38. Qa4 Rxe4 39. Rxe4 a6 40. Nb6+ Ke8 41. Qd1 Re7 42. a4 Qf5 43. f3 Kf8 44. Qe2 Re8 45. Nc4 Re6 46. Qd1 Re7 47. Qe2 Qd7 48. Kh1 Qe8 49. Re3 Re6 50. Kg1 Qd7 51. Rd3 Qe7 52. Qe4 Kg7 53. Ne3 Qe8 54. Nf5+ Kf8 55. Kf1 Rf6 56. Kg1 Qe6 57. Nd6 Nxd6 58. Rxd6 Qe7 59. Qd3 Kg8 60. Rd8+ Rf8 61. Qg6+ Qg7 62. Qe6+ Kh8 63. Rd7 Qf6 64. Qxf6+ Rxf6 65. Rxb7 Rf4 66. b5 axb5 67. axb5 1-0

[Event "Titled Tuesday intern op 08th Nov Early"]
[Site "Chess.com INT"]
[Date "2022.11.08"]
[Round "9"]
[White "Barash, Anton"]
[Black "Akylbekov, Nasyr"]
[Result "0-1"]
[WhiteElo "2106"]
[BlackElo "2208"]
[PlyCount "50"]
[EventDate "2022.11.08"]
[EventType "swiss (blitz)"]
[EventRounds "11"]
[EventCountry "USA"]
[SourceTitle "EXT 2024"]
[Source "ChessBase"]
[SourceDate "2023.10.10"]
[SourceVersion "1"]
[SourceVersionDate "2023.10.10"]
[SourceQuality "1"]

1. e4 e5 2. Nc3 Bc5 3. Nf3 d6 4. d4 exd4 5. Nxd4 Nc6 6. Nxc6 bxc6 7. Bc4 Ne7 8. Bg5 0-0 9. 0-0 Be6 10. Bb3 Qd7 11. Kh1 Bxb3 12. axb3 Ng6 13. Bd2 f5 14. Qh5 Bd4 15. Ra4 Bxc3 16. Bxc3 Rae8 17. Rxa7 fxe4 18. Qa5 Re7 19. Bd2 e3 20. Bc3 Rxf2 21. Ra8+ Kf7 22. Qa6 Qf5 23. Kg1 d5 24. Rxf2 Qxf2+ 25. Kh1 e2 0-1

[Event "Titled Tuesday intern op 25th Oct Early"]
[Site "Chess.com INT"]
[Date "2022.10.25"]
[Round "7"]
[White "Kirillov, Dmitry1"]
[Black "Akylbekov, Nasyr"]
[Result "1-0"]
[WhiteElo "2195"]
[BlackElo "2208"]
[PlyCount "187"]
[EventDate "2022.10.25"]
[EventType "swiss (blitz)"]
[EventRounds "11"]
[EventCountry "USA"]
[SourceTitle "EXT 2024"]
[Source "ChessBase"]
[SourceDate "2023.10.10"]
[SourceVersion "1"]
[SourceVersionDate "2023.10.10"]
[SourceQuality "1"]

1. e4 e5 2. Nf3 Nc6 3. Bc4 Nf6 4. d3 Bc5 5. 0-0 d6 6. c3 h6 7. h3 0-0 8. Nbd2 Be6 9. Bb5 Bb6 10. Ba4 Ne7 11. Re1 Ng6 12. Nf1 c6 13. d4 Qc8 14. dxe5 dxe5 15. Qe2 Bxh3 16. gxh3 Qxh3 17. N1h2 Ng4 18. Nxg4 Qxg4+ 19. Kh1 f5 20. Nh2 Qh4 21. Rg1 fxe4 22. Rg4 Qf6 23. Be3 h5 24. Rg2 Nf4 25. Bxf4 Qxf4 26. Bb3+ Kh7 27. Qxh5+ Qh6 28. Qxh6+ Kxh6 29. Rag1 Rxf2 30. Rg6+ Kh7 31. Rxg7+ Kh8 32. R7g4 Rxh2+ 33. Kxh2 Bxg1+ 34. Kxg1 Rd8 35. Rxe4 Rd2 36. Rxe5 Rxb2 37. Re8+ Kg7 38. Re7+ Kf6 39. Rxb7 a5 40. Ra7 Rb1+ 41. Kf2 Rc1 42. c4 Ke5 43. Rxa5+ Kd4 44. Ra8 Rh1 45. Rd8+ Kc5 46. Rd3 Rh2+ 47. Ke1 Kb4 48. Rd2 Rh1+ 49. Ke2 c5 50. Rd1 Rh2+ 51. Kd3 Rh3+ 52. Kc2 Rc3+ 53. Kb2 Rg3 54. Rd2 Rh3 55. Re2 Rg3 56. a3+ Ka5 57. Re8 Rg2+ 58. Bc2 Rg4 59. Ra8+ Kb6 60. Kc3 Kb7 61. Re8 Rg3+ 62. Bd3 Kc7 63. a4 Rg1 64. a5 Kd7 65. Re5 Ra1 66. Rxc5 Kd6 67. Kd4 Ra3 68. Rd5+ Kc7 69. Be4 Ra1 70. Rc5+ Kd6 71. Rc6+ Kd7 72. a6 Rd1+ 73. Kc5 Ra1 74. Rd6+ Kc7 75. Rc6+ Kb8 76. Rb6+ Ka7 77. Bc6 Rg1 78. Bd5 Ra1 79. Rb5 Rxa6 80. Kb4 Rh6 81. Ra5+ Kb8 82. Rb5+ Kc7 83. Rb7+ Kc8 84. Rf7 Ra6 85. Kc5 Ra5+ 86. Kd6 Ra6+ 87. Bc6 Kb8 88. Rf8+ Ka7 89. Ra8+ Kb6 90. Rxa6+ Kxa6 91. c5 Ka7 92. Bd5 Kb8 93. c6 Kc8 94. Be6+ 1-0

[Event "New York Int op 11th"]
[Site "New York"]
[Date "2018.06.13"]
[Round "1"]
[White "Burke, John M"]
[Black "Akylbekov, Nasyr"]
[Result "1-0"]
[WhiteElo "2518"]
[BlackElo "2219"]
[PlyCount "63"]
[EventDate "2018.06.13"]
[EventType "swiss"]
[EventRounds "9"]
[EventCountry "USA"]
[SourceTitle "CBM 185 Extra"]
[Source "ChessBase"]
[SourceDate "2018.07.29"]
[SourceVersion "1"]
[SourceVersionDate "2018.07.29"]
[SourceQuality "1"]

1. e4 e5 2. Nf3 Nc6 3. Bb5 a6 4. Ba4 Nf6 5. d3 b5 6. Bb3 Bc5 7. Nc3 h6 8. Nd5 d6 9. c3 0-0 10. Nxf6+ Qxf6 11. Bd5 Bb7 12. g4 Nd8 13. g5 hxg5 14. Bxg5 Qg6 15. Rg1 Bxd5 16. Bxd8 Qh7 17. Bf6 Be6 18. Rxg7+ Qxg7 19. Bxg7 Kxg7 20. Ng5 Rh8 21. Qf3 Rh6 22. 0-0-0 Rg6 23. Rg1 Kh6 24. Qg3 Kh5 25. h4 Rag8 26. Qf3+ Kh6 27. Kd2 f6 28. h5 fxg5 29. hxg6 Kxg6 30. d4 exd4 31. Qf4 dxc3+ 32. bxc3 1-0

[Event "PRO League Stage"]
[Site "Chess.com INT"]
[Date "2017.02.11"]
[Round "5"]
[White "Vaibhav, Suri"]
[Black "Akylbekov, Nasyr"]
[Result "1-0"]
[WhiteElo "2552"]
[BlackElo "2222"]
[PlyCount "99"]
[EventDate "2017.01.11"]
[EventType "team-swiss (rapid)"]
[EventRounds "7"]
[EventCountry "USA"]
[SourceTitle "CBM 176 Extra"]
[Source "ChessBase"]
[SourceDate "2017.03.02"]
[SourceVersion "1"]
[SourceVersionDate "2017.03.02"]
[SourceQuality "1"]
[WhiteTeam "Delhi Dynamite"]
[BlackTeam "New York Knights"]
[WhiteTeamCountry "IND"]
[BlackTeamCountry "USA"]

1. e4 e5 2. Nf3 Nc6 3. Bb5 a6 4. Ba4 Nf6 5. 0-0 Be7 6. Re1 b5 7. Bb3 0-0 8. h3 Bb7 9. d3 d6 10. a4 h6 11. Nc3 b4 12. Ne2 Na5 13. Ba2 c5 14. Ng3 Bc8 15. c3 Rb8 16. d4 b3 17. Bb1 Qc7 18. Nh4 c4 19. Ngf5 Kh7 20. f4 Bxf5 21. Nxf5 Rfd8 22. Qf3 Nc6 23. Rf1 Ng8 24. Kh1 Bf8 25. Ne3 Rd7 26. Nxc4 Nxd4 27. Qd3 Ne6 28. f5 Nc5 29. Qe2 Nf6 30. a5 Rb5 31. Nb6 Rd8 32. Bd2 Rxa5 33. Rxa5 Qxb6 34. Ra1 Qb7 35. Re1 Be7 36. Bd3 Ra8 37. Qf3 a5 38. Rad1 a4 39. Bc4 Nfxe4 40. Be3 Nf6 41. Bxc5 e4 42. Bd5 Nxd5 43. Qxe4 Bf8 44. Ba3 Re8 45. Qxe8 Nf4 46. Qe4 d5 47. Qxf4 Bxa3 48. bxa3 b2 49. f6 g6 50. Kh2 1-0

[Event "New Jersey Boardwalk op 6th"]
[Site "New Jersey"]
[Date "2015.11.01"]
[Round "4"]
[White "Sorkin, Igor"]
[Black "Akylbekov, Nasyr"]
[Result "1-0"]
[WhiteElo "2392"]
[BlackElo "2208"]
[PlyCount "35"]
[EventDate "2015.10.30"]
[EventType "swiss"]
[EventRounds "5"]
[EventCountry "USA"]
[SourceTitle "CBM 169 Extra"]
[Source "ChessBase"]
[SourceDate "2015.12.18"]
[SourceVersion "1"]
[SourceVersionDate "2015.12.18"]
[SourceQuality "1"]

1. d4 Nf6 2. Nf3 g6 3. c4 Bg7 4. Nc3 d6 5. e4 0-0 6. Be2 c5 7. d5 b5 8. cxb5 a6 9. a4 axb5 10. Bxb5 Ba6 11. Bf4 Qa5 12. 0-0 Qb4 13. Qc2 Nbd7 14. Bd2 Nb6 15. Rfb1 c4 16. Ra3 Rfb8 17. e5 dxe5 18. Ne4 1-0

[Event "Manchester 05"]
[Site "Manchester"]
[Date "2015.05.10"]
[Round "7"]
[White "Akylbekov, Nasyr"]
[Black "Vibbert, Sean"]
[Result "1-0"]
[WhiteElo "2228"]
[BlackElo "2312"]
[PlyCount "127"]
[EventDate "2015.05.07"]
[EventType "tourn"]
[EventRounds "9"]
[EventCountry "USA"]
[EventCategory "3"]
[SourceTitle "CBM 166 Extra"]
[Source "ChessBase"]
[SourceDate "2015.06.18"]
[SourceVersion "1"]
[SourceVersionDate "2015.06.18"]
[SourceQuality "1"]

1. e4 c5 2. Nf3 e6 3. d4 cxd4 4. Nxd4 Nc6 5. Nxc6 bxc6 6. Bd3 d5 7. Nd2 Nf6 8. Qe2 Qb6 9. 0-0 Bb7 10. a4 a5 11. exd5 cxd5 12. Nb3 Bd6 13. Bb5+ Kf8 14. Be3 Qc7 15. f4 h5 16. Bd4 Bxf4 17. Rxf4 Qxf4 18. Rf1 Qg4 19. Qe5 h4 20. Be2 Qe4 21. Qd6+ Kg8 22. Bd3 Qg4 23. Qc7 h3 24. g3 Ba6 25. Bxa6 e5 26. Qc6 Rxa6 27. Qxa6 Qe4 28. Qc8+ Ne8 29. Rf2 exd4 30. Qf5 Qe1+ 31. Rf1 Qe3+ 32. Qf2 Rh6 33. Nxd4 Qxf2+ 34. Rxf2 Nd6 35. Re2 Rf6 36. Nc6 Kh7 37. Nxa5 Ne4 38. Nb3 Rc6 39. a5 Rc4 40. c3 Ra4 41. Kf1 g5 42. Ke1 Kg6 43. Kd1 f5 44. Kc2 Kh5 45. Re1 Kg4 46. Ra1 Rxa1 47. Nxa1 Nd6 48. a6 Nc8 49. Kd2 Kf3 50. Nc2 Kg2 51. Ke2 f4 52. gxf4 Kxh2 53. fxg5 Kg3 54. Ne3 Kf4 55. Kf2 Kxg5 56. Nxd5 Na7 57. c4 Kf5 58. Nc7 Ke5 59. Nb5 Nc8 60. a7 Nb6 61. Nc7 Kd6 62. a8Q Nxa8 63. Nxa8 Kc6 64. Kg3 1-0

[Event "Manchester 05"]
[Site "Manchester"]
[Date "2015.05.08"]
[Round "3"]
[White "Akylbekov, Nasyr"]
[Black "Checa, Nicolas D"]
[Result "1/2-1/2"]
[WhiteElo "2228"]
[BlackElo "2349"]
[PlyCount "114"]
[EventDate "2015.05.07"]
[EventType "tourn"]
[EventRounds "9"]
[EventCountry "USA"]
[EventCategory "3"]
[SourceTitle "CBM 166 Extra"]
[Source "ChessBase"]
[SourceDate "2015.06.18"]
[SourceVersion "1"]
[SourceVersionDate "2015.06.18"]
[SourceQuality "1"]

1. e4 e6 2. d4 d5 3. Nc3 Bb4 4. a3 Bxc3+ 5. bxc3 dxe4 6. Qg4 Nf6 7. Qxg7 Rg8 8. Qh6 Rg6 9. Qe3 Nc6 10. Bb2 Ne7 11. c4 Nf5 12. Qc3 b6 13. 0-0-0 Bb7 14. d5 exd5 15. Qe5+ Ne7 16. cxd5 Qd6 17. c4 Qxe5 18. Bxe5 0-0-0 19. f3 Nf5 20. Re1 Nd6 21. Bxd6 cxd6 22. fxe4 Re8 23. Nf3 b5 24. g3 bxc4 25. Bh3+ Kc7 26. Bf5 Rgg8 27. Nd4 Kb6 28. Rhf1 Kc5 29. Nc2 Re7 30. Kd2 Ng4 31. h3 Nf6 32. g4 h5 33. Kc3 hxg4 34. hxg4 Nxg4 35. Rg1 Nf6 36. Rxg8 Nxg8 37. Rd1 Nh6 38. Rd4 Ba6 39. Bc8 Bb5 40. a4 a6 41. axb5 axb5 42. Ba6 f5 43. Bxb5 Kxb5 44. Na3+ Ka6 45. Nxc4 Rxe4 46. Rd1 Nf7 47. Ra1+ Kb7 48. Rf1 Kc7 49. Rxf5 Ne5 50. Nxe5 dxe5 51. Rf6 Rd4 52. Re6 Rxd5 53. Kc4 Ra5 54. Kd3 Kd7 55. Rh6 Ra4 56. Ke3 Ke7 57. Rb6 Kd7 1/2-1/2